Age, Work and Social Security
Gespeichert in:
| Weitere Verfasser: | , |
|---|---|
| Format: | Buch |
| Sprache: | Englisch |
| Veröffentlicht: |
New York
St. Martin's Press
1993
|
| Ausgabe: | 1. ed. |
| Schlagworte: | |
| Tags: |
Keine Tags, Fügen Sie das erste Tag hinzu!
|
MARC
| LEADER | 00000nam a2200000 4500 | ||
|---|---|---|---|
| 001 | c014376 | ||
| 005 | 20221214081739.6 | ||
| 020 | |a 0-312-08548-6 | ||
| 041 | 0 | |a eng | |
| 044 | |a US | ||
| 245 | 1 | 0 | |a Age, Work and Social Security |c Edit. A.B. Atkinson, Martin Rein |
| 250 | |a 1. ed. | ||
| 264 | 1 | |a New York |b St. Martin's Press |c 1993 | |
| 300 | |a 374 s. | ||
| 610 | 2 | 0 | |a zabezpečenie dôchodkové |
| 610 | 2 | 0 | |a zabezpečenie sociálne |
| 610 | 2 | 0 | |a vek |
| 610 | 2 | 0 | |a práca |
| 610 | 2 | 0 | |a dôchodky sociálne |
| 610 | 2 | 0 | |a dôchodky starobné |
| 610 | 2 | 0 | |a politika sociálna |
| 610 | 2 | 0 | |a Európa |
| 700 | 1 | |a Atkinson, Anthony B. | |
| 700 | 1 | |a Rein, Martin | |